| 000 | 01278nam a2200313 a 4500 | ||
|---|---|---|---|
| 001 | BRCA_5952 | ||
| 005 | 20190320205256.0 | ||
| 008 | 240311s1775----sp-#######---#000-0#spa-# | ||
| 041 | _aspa | ||
| 044 | _asp | ||
| 050 | 4 |
_aBX19 _b.A73 1775 |
|
| 100 | 1 |
_aArbiol, Antonio _d1651-1726 _915032 |
|
| 245 | 1 | 0 |
_aVisita de enfermos y exercicio santo de ayudar a bien morir _cAntonio Arbiol. |
| 260 |
_aMadrid _bManuel Martin _c1775? |
||
| 300 |
_a271 p. _c15 cm. |
||
| 500 | _aLibro para los clérigos que dan los santos oleos; oraciones en latín; desde la mitad del prólogo hasta la p. 35 tuvo un ataque de polilla que daño una linea del texto de cada página; cosido a mano. | ||
| 500 | _aFondo antiguo | ||
| 500 | _aSe encuentra en Caja Fuerte | ||
| 500 | _aH-169 | ||
| 500 | _aCon Ex-libris de: Franz Mayer | ||
| 500 | _aIncluye índice de todos los capítulos de este libro y prólogo | ||
| 500 | _aLas páginas 137-146 presentan una mancha donde se encuentra el lomo | ||
| 500 | _aNota de encuadernación: en piel pergamino | ||
| 506 | 0 | _aFondo reservado: para su consulta es necesario credencial de usuario y carta de motivos | |
| 650 | 1 | 4 |
_aLibro de horas _zEspaña _915033 |
| 650 | 1 | 4 |
_aSacerdotes _xVida espiritual _915034 |
| 902 | _aLAR | ||
| 942 |
_2lcc _cB |
||
| 999 |
_c5641 _d5641 |
||